00502nam a2200169Ia 4500003000900000008004100009040001600050080001600066100002300082245009900105250001200204260003200216300001400248650002300262650002400285650002300309IN-BaIIA211028s9999 xx 000 0 eng d cIIA Library a539.31bSOK aSokolnikoff, I. S. 0aMathematical theory of elasticitycI. S. Sokolnikoff  a1st ed. aNew YorkbMcGraw-Hillc1946 axi, 373p. aElastic Properties aMathematical theory aPlastic properties